The foundations of regulatory economics

Αποθηκεύτηκε σε:
Λεπτομέρειες βιβλιογραφικής εγγραφής
Άλλοι συγγραφείς: Ekelund, Robert B., 1940- (Επιμελητής έκδοσης)
Μορφή: Βιβλίο
Γλώσσα:English
Δημοσίευση: Cheltenham : Edward Elgar, c1998.
Σειρά:International library of critical writings in economics ; ; 94
Elgar reference collection
Θέματα:
Ετικέτες: Προσθήκη ετικέτας
Δεν υπάρχουν, Καταχωρήστε ετικέτα πρώτοι!

MARC

LEADER 00000cam a2200000 i 4500
001 1/102316
008 000224s1998 eng d
020 |a 1-85898-693-1 
035 |l 10058037 
040 |a GR-MY-UA  |b gre  |e aacr 
041 0 |a eng 
082 0 |a 338.9 
245 1 4 |a The foundations of regulatory economics /   |c edited by Robert B. Ekelund.  
260 |a Cheltenham :   |b Edward Elgar,   |c c1998.  
300 |a 550 σ. (τ.1); 456 σ.(τ.2); 607 σ.(τ.3)   |b πιν., σχ.  
490 1 |a (International library of critical writings in economics  |v ; 94)  
490 1 |a (Elgar reference collection)  
504 |a Περιλαμβάνει βιβλιογραφικές παραπομπές και ευρετήριο.  
505 0 |a Volume 1: The origins and development of regulatory economicsVolume 2: Modern approaches to regulatory economicsVolume 3: Regulation and deregulation:industries and issues.  
650 0 0 |a Trade regulation  |x History. 
650 0 0 |a Deregulation  |x History. 
700 1 |a Ekelund, Robert B.,   |d 1940-  |e edt 
830 0 |a International library of critical writings in economics ;  |v ; 94 
830 0 |a Elgar reference collection 
852 |a INST  |b LESVOS  |e 20000224  |h 338.9 FOU  |p 005100023904  |q 005100023904  |t BK  |y 0  |z v.1 
852 |a INST  |b LESVOS  |e 20000306  |h 338.9 FOU  |p 005100023905  |q 005100023905  |t BK  |y 0  |z v.2 
852 |a INST  |b LESVOS  |e 20000306  |h 338.9 FOU  |p 005100023906  |q 005100023906  |t BK  |y 0  |z v.3 
852 |a INST  |b LESVOS  |e 20000224  |h 338.9 FOU  |p 005100023904  |q 005100023904  |t BK  |v v.1:  |y 0  |z v.1 
852 |a INST  |b LESVOS  |e 20000306  |h 338.9 FOU  |p 005100023905  |q 005100023905  |t BK  |v v.2:  |y 0  |z v.2 
852 |a INST  |b LESVOS  |e 20000306  |h 338.9 FOU  |p 005100023906  |q 005100023906  |t BK  |v v.3:  |y 0  |z v.3 
853 |a INST  |b LESVOS  |h 338.9 FOU 
901 |a BIBL1-2000-1 
909 |a Λ  |b 074925 
909 |a Λ  |b 074926 
909 |a Λ  |b 074927 
922 |a 1ΕΛΗ  |b 200002  |c ΚΠΣ/ΠΜΣ  |d ΠΑΠΑΣΩΤΗΡΙΟΥ 
950 |a 157-1999-12-06 
970 |a ΜΟΥΣΤΑΚΑ  |b ΠΗΝΕΛΟΠΗ  |z 2000/03/06